| 000 | 01030namaa22002291 4500 | ||
|---|---|---|---|
| 001 | 174206 | ||
| 003 | ES-MaACL | ||
| 005 | 20250907063130.0 | ||
| 008 | 100303s1912 sp r |||| | spa d | ||
| 080 | _a599 | ||
| 100 | 1 |
_aCabrera, Ángel, _d1879-1960 _933276 |
|
| 245 | 1 | 3 |
_aEl concepto de tipo en zoología y los tipos de mamíferos del Museo de Ciencia Naturales / _cpor Angel Cabrera. |
| 260 |
_aMadrid : _bJunta para Ampliación de Estudios e Investigaciones Científicas, Instituto Nacional de Ciencias Físico-Naturales, _c1912. |
||
| 300 |
_a32 p. ; _c23 cm. |
||
| 490 | 1 |
_aTrabajos del Museo de Ciencias Naturales. Serie zoológica ; _v1 |
|
| 650 | 0 | 4 |
_aAnimales- _xClasificación. _99832 |
| 650 | 4 |
_aMamíferos. _9136454 |
|
| 710 | 2 |
_aJunta para la Ampliación de Estudios e Investigaciones Científicas. _95413 |
|
| 830 | 0 | 0 |
_aTrabajos del Museo Nacional de Ciencias Naturales. _pSerie zoológica _v1 _9189348 |
| 852 |
_aES-MaACL-13146(1) _z.- Encuadernado con otras obras |
||
| 999 |
_c174206 _d174206 |
||